Risk assessment in the Federal Government : (Record no. 10203)

MARC details
000 -LEADER
fixed length control field 00942cam a22002292 4500
001 - CONTROL NUMBER
control field 0000024245
005 - DATE AND TIME OF LATEST TRANSACTION
control field 20151217152258.0
008 - FIXED-LENGTH DATA ELEMENTS--GENERAL INFORMATION
fixed length control field 130620s xx 000 0 eng d
020 ## - INTERNATIONAL STANDARD BOOK NUMBER
International Standard Book Number 0309033497 :
040 ## - CATALOGING SOURCE
Original cataloging agency KABU
Transcribing agency KABU
110 2# - MAIN ENTRY--CORPORATE NAME
Corporate name or jurisdiction name as entry element National Research Council (U. S. A.).
Subordinate unit Commission on Life Sciences.
-- Committee on the Institutional Means for Assessment to Public Health.
-- 0000184233
245 10 - TITLE STATEMENT
Title Risk assessment in the Federal Government :
Remainder of title managing the process /
Statement of responsibility, etc. National Research Council.
250 ## - EDITION STATEMENT
Edition statement 1st ed.
260 ## - PUBLICATION, DISTRIBUTION, ETC. (IMPRINT)
Place of publication, distribution, etc. Wasington, D. C. :
Name of publisher, distributor, etc. National Academy Press,
Date of publication, distribution, etc. 1983.
300 ## - PHYSICAL DESCRIPTION
Extent xii, 191 p.
650 #0 - SUBJECT ADDED ENTRY--TOPICAL TERM
Topical term or geographic name as entry element Cancer
General subdivision Prevention
-- Decision making
Geographic subdivision United States.
-- 0000184234
650 #0 - SUBJECT ADDED ENTRY--TOPICAL TERM
Topical term or geographic name as entry element Health risk assessment.
-- 0000166710
650 #0 - SUBJECT ADDED ENTRY--TOPICAL TERM
Topical term or geographic name as entry element Health planning.
General subdivision Decision making
Geographic subdivision United States.
-- 0000184235
852 1# - LOCATION
-- p6953.70 KES
908 ## - PUT COMMAND PARAMETER (RLIN)
Put command parameter 130620
950 ## - LOCAL HOLDINGS (RLIN)
-- 1
Holdings
Withdrawn status Lost status Source of classification or shelving scheme Not for loan Home library Current library Date acquired Total Checkouts Full call number Barcode Date last seen Price effective from Koha item type
    Library of Congress Classification   Kabarak, Main Campus Kabarak, Main Campus 17/12/2015   RC276 .N38 1983 c. 1 015706 17/12/2015 17/12/2015 General Collection
Designed with assistance from East African Informatics Ltd